The Real Housewives of Potomac Cast Members - Statistics

General Stats
  • This quiz has been taken 3 times
  • The average score is 8 of 18
Answer Stats
Seasons Appearing Real Housewife % Correct
Seasons 1-10 Gizelle Bryant
100%
Seasons 1-10 Ashley Darby
67%
Seasons 1-9; Guest Season 10 Karen Huger
67%
Seasons 1-8 Robyn Dixon
67%
Season 10 Angel Massie
33%
Friend of Season 6; Guest Season 7 Askale Davis
33%
Seasons 3-8 Candiace Dillard Bassett
33%
Seasons 1-2; Friend of Seasons 3, 7-8; Guest Seasons 5 & 10 Charrisse Jackson-Jordan
33%
Friend of Seasons 7 & 9; Guest Season 8 Jacqueline Blake
33%
Friend of Seasons 9-10 Jassie Rideaux
33%
Season 1; Friend of Season 4; Guest Seasons 2 & 7 Katie Rost
33%
Seasons 9-10; Guest Season 5; Friend of Season 8 Keiarna Stewart
33%
Seasons 6-9 Mia Thornton
33%
Seasons 2-5; Friend of Season 10 Monique Samuels
33%
Season 8 Nneka Ihim
33%
Seasons 9-10 Stacey Rusch
33%
Season 10 Tia Glover
33%
Seasons 5-10 Wendy Osefo
33%
No matching quizzes found
Score Distribution
Percent of People with Each Score
Percentile by Number Answered
Your Score History
You have not taken this quiz